000 00379nam a2200157Ia 4500
003 0STCL
008 150530s9999 xx 000 0 und d
040 _aSTCL
_cSTCL
100 _aThomas Wilson
245 _aInflation unemployment and the market
260 _bOxford Clarendon press
_c1984
546 _aEnglish
942 _2ddc
_cBK
999 _c13585
_d13585
005 20220125165657.0